Historia universal comparada / (Record no. 44781)

MARC details
000 -LEADER
campo de control de longitud fija 01549nam a2200325 i 4500
001 - NÚMERO DE CONTROL
campo de control 44781
003 - IDENTIFICADOR DE NÚMERO DE CONTROL
campo de control ES-MaACL
005 - FECHA Y HORA DE LA ÚLTIMA TRANSACCIÓN
campo de control 20251003185044.0
007 - CAMPO FIJO DE DESCRIPCIÓN FÍSICA--INFORMACIÓN GENERAL
campo de control de longitud fija t|
008 - DATOS DE LONGITUD FIJA--INFORMACIÓN GENERAL
campo de control de longitud fija 161223m19711972sp abfo |||| |dspa d
080 ## - NÚMERO DE LA CLASIFICACIÓN DECIMAL UNIVERSAL
Número de la Clasificación Decimal Universal 94(100)
100 1# - ENTRADA PRINCIPAL--NOMBRE DE PERSONA
Nombre de persona Hofstätter, Hans Helmmut.
9 (RLIN) 161476
245 13 - MENCIÓN DEL TÍTULO
Título Historia universal comparada /
Mención de responsabilidad, etc. Hans H. Hofstätter, Hannes Pixa ; [edición española, Guillermo Burrel ; traducción Manuel Vázquez y José M. Pomares].
250 ## - MENCION DE EDICION
Mención de edición 1ª ed.
260 ## - PUBLICACIÓN, DISTRIBUCIÓN, ETC.
Lugar de publicación, distribución, etc. Esplugas de Llobregat (Barcelona) :
Nombre del editor, distribuidor, etc. Plaza Janés,
Fecha de publicación, distribución, etc. 1971-1972.
300 ## - DESCRIPCIÓN FÍSICA
Extensión 6 v. (p. de lám. col.) :
Otras características físicas il., mapas ;
Dimensiones 26 cm.
500 ## - NOTA GENERAL
Nota general Cronologías.
500 ## - NOTA GENERAL
Nota general Índices.
500 ## - NOTA GENERAL
Nota general Índice general: en últimas [39] p. del v. 6.
504 ## - NOTA DE BIBLIOGRAFÍA, ETC.
Nota de bibliografía, etc. Bibliografía: en últimas p. [41-43] del v. 6.
505 8# - NOTA DE CONTENIDO CON FORMATO
Nota de contenido con formato Contiene: t. I ;
Título Desde el principio del mundo al 696 antes de Cristo (291, [10] p.) - t. II ;
-- Del 696 al 63 antes de Cristo (273, [10] p.) - t. III ;
-- Del 63 antes de Cristo al 660 de nuestra Era (287, [8] p.) - t. IV ;
-- Del 660 al 1250 de nuestra Era (310, [8] p.) - t. V ;
-- Del 1250 al 1700 de nuestra Era (300, [10] p.) - t. VI ;
-- Del 1700 a nuestros días (284, [44] p.)
650 #7 - PUNTO DE ACCESO ADICIONAL DE MATERIA--TÉRMINO DE MATERIA
Término de materia o nombre geográfico como elemento de entrada Historia universal
Fuente del encabezamiento o término embne
9 (RLIN) 13429
650 04 - PUNTO DE ACCESO ADICIONAL DE MATERIA--TÉRMINO DE MATERIA
Término de materia o nombre geográfico como elemento de entrada Historiografía.
9 (RLIN) 13439
700 1# - ENTRADA AGREGADA--NOMBRE PERSONAL
Nombre de persona Pixa, Hannes.
9 (RLIN) 161477
700 1# - ENTRADA AGREGADA--NOMBRE PERSONAL
Nombre de persona Burrel i Floría, Guillem.
9 (RLIN) 32766
700 1# - ENTRADA AGREGADA--NOMBRE PERSONAL
Nombre de persona Vázquez Tomás, Manuel
9 (RLIN) 113375
700 0# - ENTRADA AGREGADA--NOMBRE PERSONAL
Nombre de persona Pomares, José M.,
Fechas asociadas al nombre 1943-
9 (RLIN) 92903
852 ## - LOCALIZACIÓN
Ubicación ES-MaACL
Número de control de estantería L-31152-57
Nota libre - enc. guaflex
Holdings
Estatus retirado Estado de pérdida Estado de daño No para préstamo Biblioteca de origen Biblioteca actual Ubicación en estantería Fecha de adquisición Fuente de adquisición Total de préstamos Signatura topográfica completa Código de barras Visto por última vez Precio de reemplazo Tipo de ítem Koha
        Biblioteca del Ateneo de Madrid Biblioteca del Ateneo de Madrid Depósito 2 17/01/2008     L-31152-57 1047129 23/02/2023 23/02/2023 Libro impreso